Sanat - "Hei mummo" - Suvi Teräsniska - Statistics

Yleistilastot
  • Tätä visaa on pelattu 100 kertaa
  • Keskiarvotulos 95 / 150
Vastaustilastot
Vastaus % Oikein
Hei
100%
kuuluu
100%
me
100%
mitä
100%
mummo
100%
sinne
100%
teille
100%
pohjoiseen
97%
taas
97%
tullaan
97%
lomalla
94%
ja
83%
saapuu
83%
pukki
80%
meille
77%
se
76%
kohta
70%
tänne
68%
poroineen
66%
sieltä
66%
On
61%
on
61%
tulee
61%
yksin
59%
aika
48%
lapset
48%
lähti
46%
vie
46%
yksinäinen
46%
asustaa
45%
kun
45%
mökkiin
45%
jää
44%
kuoli
44%
Mies
44%
aikanaan
42%
jäinen
42%
maa
42%
muistaa
42%
mummoaan
41%
pohjoisessa
41%
päivä
39%
aikaa
38%
jossa
38%
lapsenlapset
38%
polku
38%
joulun
37%
mummon
37%
vuorollaan
37%
auto
34%
iljakas
34%
karu
34%
mieltä
34%
autioitui
32%
kukin
32%
mökin
32%
pihaan
32%
hämärää
31%
kaartaa
31%
maailmalle
31%
peittää
31%
pelkkää
31%
aikaan
30%
hanki
28%
Lasten
28%
maan
28%
piristää
28%
soitto
28%
vain
28%
vierii
28%
viikko
28%
päivisin
27%
kaamos
25%
Nyt
25%
saartaa
25%
hälinää
21%
häviää
21%
kynttilää
21%
kesäaikaan
20%
monta
20%
muistot
20%
pirtti
20%
yksinäisen
20%
mieleen
18%
täynnä
18%
tulvii
18%
kuusi
17%
tuikkii
17%
tuoksuu
17%
Ehtoja vastaavia visoja ei löytynyt
Tulosjakauma
Jokaisen tuloksen saaneiden osuus
Persentiili vastausten määrän mukaan
Tuloshistoriasi
Et ole pelannut tätä visaa